LEADER 01148nam a2200265 i 4500 001 000000157933 003 CaOOAMICUS 005 20070511000000.0 008 070511s1958 it u000 u grc u 013 $a135296 040 $aSeMil$bita 100 0 $aAristoteles,$d<384-322 a.C.>.$0(OLS)http://semarc/name/1263 245 10$aAristotelis atheniensium respublica /$cRecognovit brevique adnotatione critica instruxit F. G. Kenyon. 260 $aOxonii :$bE Typographeo Clarendoniano,$c1958. 300 $aLXVIII, [10] p. ;$c19 cm. 490 0 $aScriptorum classicorum bibliotheca Oxoniensis 700 1 $aKenyon, Frederic George.$0(OLS)http://semarc/name/79344 830 0$aScriptorum classicorum bibliotheca Oxoniensis.$0(OLS)http://semarc/title/23159 850 $aSeMil 852 $aSeMil$W1$xVenegono$y1$m1X III 132$j109607$B109607$CSeMilBibl$Z2$F123168 $81 900 0 $aAristotele. 961 $aOmaggio: De Grandi don Marcello 996 $6245$aAristotelis atheniensium respublica$9(OLS)http://semarc/title/231714 996 $6260$aOxonii :$bE Typographeo Clarendoniano$9(OLS)http://semarc/publisher/30099 LEADER 01216nam a2200277 i 4500 001 000000069125 003 CaOOAMICUS 005 20110505000000.0 008 110505s1983 it u000 u ita u 013 $a40297 040 $aSeMil$bita 100 1 $aSapori, Armando.$0(OLS)http://semarc/name/34538 245 13$aIl mercante italiano nel Medioevo :$bquattro conferenze tenute all'Ecole Pratique des Hautes-Etudes /$cArmando Sapori. 260 $aMilano :$bJaca Book,$ccopyr. 1983. 300 $a105 p. ;$c23 cm. 490 0 $aDi fronte e attraverso ;$v101. 500 $aFondo Ciprandi. 650 4$aItalia - Storia - Medioevo.$0(OLS)http://semarc/subject/6421 650 4$aMercante - Storia - Medioevo.$0(OLS)http://semarc/subject/13704 830 0$aDi fronte e attraverso ;$v101.$0(OLS)http://semarc/title/6486 850 $aSeMil 852 $aSeMil$W1$xVenegono$y1$m3WA III 20$j35278$B35278$CSeMilBibl$Z2$F35281 $81 941 1 $a1 961 $aOmaggio: Ciprandi dott. Paolo 996 $6245$aIl mercante italiano nel Medioevo :$bquattro conferenze tenute all'Ecole Pratique des Hautes-Etudes$9(OLS)http://semarc/title/110608 996 $6260$aMilano :$bJaca Book$9(OLS)http://semarc/publisher/29781